Qui est sur cette photographie ? (5) - Statistiques

Statistiques générales
  • Ce quiz a été pris 107 fois
  • Le résultat moyen est 7 sur 20
Statistiques - réponses
Par images Hint Réponse % Correct
Ecrivain / Poète Victor {Hugo}
100%
Politicien Winston {Churchill}
93%
Ecrivain Guy de {Maupassant}
91%
Ecrivain Anatole {France}
66%
Ecrivain Gustave {Flaubert}
60%
Sculpteur Auguste {Rodin}
59%
Compositeur Claude {Debussy}
37%
Chef indien {Sitting} Bull
33%
Poète Stéphane {Mallarmé}
33%
Sportive Suzanne {Lenglen}
33%
Compositeur Franz {Liszt}
23%
Actrice Vivien {Leigh}
21%
Actrice Sarah {Bernhardt}
18%
Poète Sully-{Prudhomme}
14%
Prince {Albert} d'Angleterre
10%
Politicien / Médecin Georges {Clemenceau}
10%
Ecrivain Paul {Claudel}
10%
Compositeur Charles {Gounod}
8%
Photographe {Nadar}
8%
Ecrivain Théophile Gautier
0%
Aucun quiz correspondant
Distribution des résultats
% des personnes avec chaque résultat
Percentile par nombre de réponses
Votre historique - résultats
Vous n’avez pas pris ce quiz